| 000 | 00580nam a22001577a 4500 | ||
|---|---|---|---|
| 008 | 230713b |||||||| |||| 00| 0 eng d | ||
| 040 |
_aNational Science Library _cNational Science Library |
||
| 080 | _aT678.074:641.514 | ||
| 100 | _aDebnath, K K | ||
| 245 |
_aElastomer blends for extended range of applications _c/ Defence Materials & Stores Research & Development Establishment |
||
| 260 |
_aKanpur: _bDefence Materials & Stores Research & Development Establishment, |
||
| 300 | _a18p. | ||
| 650 | _aDefence materials | ||
| 653 | _aStores research | ||
| 942 |
_2udc _cREP |
||
| 999 |
_c53518 _d53518 |
||